LEADER 01063nam a22002411i 4500 001 991001873199707536 005 20031231110428.0 008 040407s1972 vc |||||||||||||||||fre 035 $ab12836254-39ule_inst 035 $aARCHE-081587$9ExL 040 $aDip.to Scienze Storiche$bita$cA.t.i. Arché s.c.r.l. Pandora Sicilia s.r.l. 082 04$a327.4563 245 03$aLe Saint Siège et les victimes de la guerre :$bmars 1939-decembre 1940 260 $aCittà del Vaticano :$bLibreria editrice vaticana,$c1972 300 $aXXVIII, 557 p., [9] tav. ripieg. ;$c25 cm 440 0$aActes et documents du Saint Siège relatifs à la Seconde guerre mondiale ;$v6 610 24$aSanta Sede$xAttivita umanitarià$y1939-1940$xDocumenti 907 $a.b12836254$b02-04-14$c16-04-04 912 $a991001873199707536 945 $aLE009 STOR.01/a-22$g1$i2009000120693$lle009$o-$pE0.00$q-$rn$so $t0$u0$v0$w0$x0$y.i13388976$z16-04-04 996 $aSaint Siège et les victimes de la guerre$983940 997 $aUNISALENTO 998 $ale009$b16-04-04$cm$da $e-$ffre$gvc $h3$i1